Fly Guy presents : (Record no. 4208)
[ view plain ]
| 000 -LEADER | |
|---|---|
| fixed length control field | 01193cam a22003857i 4500 |
| 001 - CONTROL NUMBER | |
| control field | 4208 |
| 003 - CONTROL NUMBER IDENTIFIER | |
| control field | FISKH |
| 005 - DATE AND TIME OF LATEST TRANSACTION | |
| control field | 20240704150437.0 |
| 008 - FIXED-LENGTH DATA ELEMENTS--GENERAL INFORMATION | |
| fixed length control field | 140925s2014 nyua b 000 0 eng d |
| 010 ## - LIBRARY OF CONGRESS CONTROL NUMBER | |
| LC control number | 2014451344 |
| Canceled/invalid LC control number | 2016304381 |
| 020 ## - INTERNATIONAL STANDARD BOOK NUMBER | |
| International Standard Book Number | 9780545732390 |
| Qualifying information | (hardback) |
| 020 ## - INTERNATIONAL STANDARD BOOK NUMBER | |
| International Standard Book Number | 9780545631594 |
| 040 ## - CATALOGING SOURCE | |
| Original cataloging agency | ZGD |
| Language of cataloging | eng |
| Transcribing agency | ZGD |
| Description conventions | rda |
| Modifying agency | IH5 |
| -- | JAO |
| -- | ILC |
| -- | OCLCO |
| -- | OCLCF |
| -- | DLC |
| 050 ## - LIBRARY OF CONGRESS CALL NUMBER | |
| Classification number | QE861.A7766 |
| 082 ## - DEWEY DECIMAL CLASSIFICATION NUMBER | |
| Classification number | 567.9 |
| 100 1# - MAIN ENTRY--PERSONAL NAME | |
| Personal name | Arnold, Tedd, |
| 245 10 - TITLE STATEMENT | |
| Title | Fly Guy presents : |
| Remainder of title | dinosaurs / |
| Statement of responsibility, etc. | Tedd Arnold. |
| 246 3# - VARYING FORM OF TITLE | |
| Title proper/short title | Dinosaurs |
| 260 ## - PUBLICATION, DISTRIBUTION, ETC. | |
| Place of publication, distribution, etc. | New York ; |
| Name of publisher, distributor, etc. | Scholastic, |
| Date of publication, distribution, etc. | 2014. |
| 300 ## - PHYSICAL DESCRIPTION | |
| Extent | 26 unnumbered pages : |
| Other physical details | color illustrations ; |
| Dimensions | 23 cm |
| 336 ## - CONTENT TYPE | |
| Content type term | text |
| Source | rdacontent |
| 337 ## - MEDIA TYPE | |
| Media type term | unmediated |
| Source | rdamedia |
| 338 ## - CARRIER TYPE | |
| Carrier type term | volume |
| Source | rdacarrier |
| 490 1# - SERIES STATEMENT | |
| Series statement | Fly guy |
| Volume/sequential designation | Book 3 |
| 505 ## - FORMATTED CONTENTS NOTE | |
| Formatted contents note | M<br/> |
| 520 ## - SUMMARY, ETC. | |
| Summary, etc. | During a visit to a natural history museum, Fly Guy and Buzz learn all about dinosaurs.-- |
| 521 0# - TARGET AUDIENCE NOTE | |
| Target audience note | 570<br/> |
| Source | Lexile<br/> |
| 521 2# - TARGET AUDIENCE NOTE | |
| Target audience note | M<br/> |
| Source | Raz-Plus<br/> |
| 650 #0 - SUBJECT ADDED ENTRY--TOPICAL TERM | |
| Topical term or geographic name entry element | Dinosaurs |
| Form subdivision | Juvenile literature. |
| 650 #1 - SUBJECT ADDED ENTRY--TOPICAL TERM | |
| Topical term or geographic name entry element | Dinosaurs. |
| 800 1# - SERIES ADDED ENTRY--PERSONAL NAME | |
| Personal name | Arnold, Tedd. |
| Title of a work | Fly Guy. |
| 906 ## - LOCAL DATA ELEMENT F, LDF (RLIN) | |
| a | 7 |
| b | cbc |
| c | copycat |
| d | 2 |
| e | ncip |
| f | 20 |
| g | y-gencatlg |
| 942 ## - ADDED ENTRY ELEMENTS (KOHA) | |
| Source of classification or shelving scheme | Dewey Decimal Classification |
| Koha item type | Books |
| Suppress in OPAC | No |
| Withdrawn status | Lost status | Source of classification or shelving scheme | Damaged status | Not for loan | Collection | Home library | Current library | Shelving location | Date acquired | Total Checkouts | Full call number | Barcode | Date last seen | Price effective from | Koha item type |
|---|---|---|---|---|---|---|---|---|---|---|---|---|---|---|---|
| Dewey Decimal Classification | Non-Fiction | Footprints International School Library Network Toul Kork Campus | Footprints International School Library Network Toul Kork Campus | TK Primary Library Room(4th Floor), Bookcase 3&4, Shelves 17-32, Yellow Books | 07/04/2024 | ARN 567.9 QE861.A7766 | FISTKG2A084 | 07/04/2024 | 07/04/2024 | Books |
